000 00583nam a2200145 4500
999 _c80648
_d80648
008 210203b ||||| |||| 00| 0 eng d
040 _aISIL EINTRAGEN
_bger
_cISIL EINTRAGEN
_erda
100 _aKremeier, Ulrike:
245 _aNeue Städte - neue Menschen. Rhythmus und Ton im Spiegel von Körper, Architektur und Stadt /
_cUlrike Kremeier
773 _tUnbekannte Moderne Neue Städte Neue Menschen
_dCottbus ; Frankfurt (Oder): Brandenburgisches Landesmuseum für Moderne Kunst, [2020]
_gS. 9-13
942 _cA